000 00955nam a2200265 a 4500
001 000046436
003 DO-SdBNP
005 20240705073647.0
007 ta
008 150813e1988 dr gr 000 e spa d
040 _aDO-SdBNP
_bspa
_cBNPHU
082 4 _222
_bH831F
100 1 _aFigueroa, Loida
_961201
245 1 0 _aHostos, el angustiado /
_cLoida Figueroa; edición, Miguel Santiago Santana
260 _aRío Piedras, Puerto Rico :
_bComité del Sequicentenario de Eugenio María de Hostos,
_c1988
300 _a13 p. ;
_c22 cm
490 _aCuadernos Hostosianos ;
_v3
490 _aConferencias y Ensayos;
_v1
500 _aIncluye datos biográficos del autor en la contracubierta
590 _aInventariado 2023 / MF
600 1 0 _aHostos, Eugenio María de,
_d1839-1903
_91352
650 4 _938782
_aHostos, Eugenio María, de
_xCrítica e Interpretación
_y1839-1903
700 1 _aSantiago Santana, Miguel
_eed.
_983145
942 _2ddc
_cLBS1
999 _c45925
_d45925